Catalog

Record Details

Catalog Search



Heart of a samurai [CD/sound recording] : a novel ... Read More

Preus, Margi.(Author).
Yaegashi, James.(Added Author).

Available copies

  • 0 of 1 copy available at LARL/NWRL Consortium.
  • 0 of 1 copy available at Lake Agassiz Regional Library. (Show preferred library)

Current holds

0 current holds with 1 total copy.

Show All Copies
Location Call Number / Copy Notes Barcode Shelving Location Status Due Date

Record details

  • ISBN: 9781456136130
  • ISBN: 1456136135
  • Physical Description: 5 sound discs (6 hr., 25 min.) : digital ; 4 3/4 ... Read More
  • Edition: Unabridged.
  • Publisher: Prince Frederick, MD : Recorded Books, p2011, c2010.

Content descriptions

General Note:
Compact disc.
Participant or Performer Note:
Read by James Yacgashi.
Summary, etc.:
In 1841, rescued by an American whaler after a ... Read More
Subject: Nakahama, Manjirō, 1827-1898 > Juvenile fiction.
Whaling > Juvenile fiction.
Samurai > Juvenile fiction.
Japanese > United States > Juvenile fiction.
Japan > Relations > United States > Juvenile fiction.
United States > Relations > Japan > Juvenile fiction.
Genre: Young adult fiction > Sound recordings.
Compact discs.
Audiobooks > Juvenile fiction.
LDR 02010cim a2200445Ia 4500
001133496
003LARL_NWRL_CONSORTIUM
00520110720151056.0
007sd fungnn|||ee
008110510t20112010mdunnnn f n eng d
020 . ‡a9781456136130
020 . ‡a1456136135
02802. ‡aC6158 ‡bRecorded Books
035 . ‡a(OCoLC)721986264
040 . ‡aZGX ‡cZGX ‡dRECBX ‡dIEP
092 . ‡a[Fic] ‡bPreus
1001 . ‡aPreus, Margi. ‡0(LARL_NWRL_CONSORTIUM)125235
24510. ‡aHeart of a samurai ‡h[CD/sound recording] : ‡ba novel inspired by a true adventure on the high seas / ‡cMargi Preus.
250 . ‡aUnabridged.
260 . ‡aPrince Frederick, MD : ‡bRecorded Books, ‡cp2011, c2010.
300 . ‡a5 sound discs (6 hr., 25 min.) : ‡bdigital ; ‡c4 3/4 in.
500 . ‡aCompact disc.
511 . ‡aRead by James Yacgashi.
520 . ‡aIn 1841, rescued by an American whaler after a terrible shipwreck leaves him and his four companions castaways on a remote island, fourteen-year-old Manjiro, who dreams of becoming a samurai, learns new laws and customs as he becomes the first Japanese person to set foot in the United States.
60010. ‡aNakahama, Manjirō, ‡d1827-1898 ‡vJuvenile fiction.
650 0. ‡aWhaling ‡vJuvenile fiction.
650 0. ‡aSamurai ‡vJuvenile fiction.
650 0. ‡aJapanese ‡zUnited States ‡vJuvenile fiction.
651 0. ‡aJapan ‡xRelations ‡zUnited States ‡vJuvenile fiction.
651 0. ‡aUnited States ‡xRelations ‡zJapan ‡vJuvenile fiction.
655 0. ‡aYoung adult fiction ‡vSound recordings.
655 0. ‡aCompact discs.
655 0. ‡aAudiobooks ‡vJuvenile fiction.
7001 . ‡aYaegashi, James. ‡0(LARL_NWRL_CONSORTIUM)213034
948 . ‡hNO HOLDINGS IN LAL - 100 OTHER HOLDINGS
994 . ‡aZ0 ‡bLAL
901 . ‡a133496 ‡bOCLC ‡c133496 ‡tbiblio

Additional Resources